00903nam a2200241Ia 4500003000400000005001700004006001800021007000300039008004100042024001000083037001100093040001800104041001300122100003200135110011200167245013700279260004500416650001700461700004000478700011200518942001200630999001900642OSt20220930084614.0a|||||r|||| 00| 0ta220926b |||||||| |||| 00| 0 eng d a85106 cTheses aCRLcCRLbeng 2engaeng aSharma Deepak Chand9538042 aUniversity of Delhi. Faculty of Inter-disciplinary and Applied Sciences. Department of Microbiology9522371 0aThermostable and alkalistable pectinase of bacillus pumilus b Production characterization and its applicability in fibre processing aDelhibUniversity of Delhi India c2006 aMICROBIOLOGY a Prof. T. Satyanarayana Gu.9533278 aUniversity of Delhi. Faculty of Inter-disciplinary and Applied Sciences. Department of Microbiology9522372 cDIS2CC c877495d877495